Statistics for World according to Polish people - geography in Polish sayings

Click here to take the quiz!

General Stats

  • This quiz has been taken 37 times
  • The average score is 9 of 20

Answer Stats

DefinitionPlace% Correct
[PL] "Wszystkie drogi prowadzą do _____"
[EN] "All roads lead to ____"
- all solutions lead to the same effect.
Rome
97%
[PL] "Jak _________ piesek"
[EN] "Like a little ______ doggie"
- to be very fussy or capricious
French
69%
[PL] "______ ustrojstwo"
[EN] "_______ gizmo"
- a thing that's of a subpar quality.
Russian
66%
[PL] "Kocham cię jak ________"
[EN] "I love you as (I love) _______"
- a quote from a very popular Polish song
meaning "I love you very, very much".
Ireland
62%
[PL] "Życie jak w ______"
[EN] "Life as in ______"
- a life od bliss and ease.
Madrid
62%
[PL] "__________ precyzja"
[EN] "_____ precision"
- the greatest precision.
Swiss
62%
[PL] "______ ustrojstwo"
[EN] "_______ gizmo"
- a thing that's of a subpar quality
(but from a different place this time).
Chinese
59%
[PL] "Nie udawaj _____"
[EN] "Don't pretend to be _____"
- meaning "Don't pretend you don't understand".
Greek
59%
Something great, luxurious, or otherwise
improving one's quality of life.
America
52%
[PL] "________ ciemności"
[EN] "________ darknesses"
- it's very, very dark. Like in a tomb.
Egyptian
52%
[PL] "Nie od razu ______ zbudowano"
[EN] "______ was not built in a day"
- meaning that success takes time (not Rome).
Cracow
48%
[PL] "Nikt nic nie wie - ______ film"
[EN] "Nobody knows nothing - a _____ movie"
- a summary od an inexplicable situation.
Czech
48%
A big mess.Mexico
48%
[PL] "Wyjść po _________"
[EN] "To leave in an _______ manner"
- to leave quietly, without anyone knowing.
English
41%
[PL] "Mieć jedno oko na ______,..."
[EN] "To have one eye on _______, ..."
[1/2]
Morocco
41%
[PL] "Gdzie Rzym, gdzie ____"
]EN] "Where's Rome (and) where's _______"
- two things have nothing in common.
Crimea
31%
[PL] "...a drugie na ______"
[EN] "...and the other on __________"
- to be suffering from strabismus. [2/2]
Caucasus
24%
Nonsense, lies.Banja Luka
10%
To say that a thing is the "_________ of sth"
means that it's of the highest quality
or that it requires the greatest effort.
Himalayas
3%
The crack in one's behind.Mariana Trench
0%

Score Distribution

Percentile by Number Answered

Percent of People with Each Score

Your Score History

You have not taken this quiz